Discurso leido en el acto de la apertura del Curso académico de 1883 a 1884 en la Universidad de Zaragoza / (Record no. 160367)

MARC details
000 -LEADER
campo de control de longitud fija 00910nam a22001935i 4500
001 - NÚMERO DE CONTROL
campo de control 160367
003 - IDENTIFICADOR DE NÚMERO DE CONTROL
campo de control ES-MaACL
005 - FECHA Y HORA DE LA ÚLTIMA TRANSACCIÓN
campo de control 20250930063140.0
008 - DATOS DE LONGITUD FIJA--INFORMACIÓN GENERAL
campo de control de longitud fija 940202s1883 sp |||| | spa d
040 ## - FUENTE DE CATALOGACIÓN
Centro catalogador/agencia de origen AR
Lengua de catalogación spa
100 1# - ENTRADA PRINCIPAL--NOMBRE DE PERSONA
Nombre de persona Muñoz del Castillo, José,
Fechas asociadas al nombre 1850-1926
9 (RLIN) 84395
245 10 - MENCIÓN DEL TÍTULO
Título Discurso leido en el acto de la apertura del Curso académico de 1883 a 1884 en la Universidad de Zaragoza /
Mención de responsabilidad, etc. por D. José Muñoz del Castillo.
260 ## - PUBLICACIÓN, DISTRIBUCIÓN, ETC.
Lugar de publicación, distribución, etc. Zaragoza :
Nombre del editor, distribuidor, etc. [s.n.],
Fecha de publicación, distribución, etc. 1883 (
Fabricante Est. tip. de Calisto Ariño y Sambia)
300 ## - DESCRIPCIÓN FÍSICA
Extensión 63 p. ;
Dimensiones 32 cm.
500 ## - NOTA GENERAL
Nota general Tema: Trascendencia del desarrollo de las ciencias de la naturaleza y del empleo del método esperimental á que el esplendor de las mismas es debido.
710 2# - ENTRADA AGREGADA--NOMBRE DE ENTIDAD CORPORATIVA
Nombre de entidad corporativa o nombre de jurisdicción como elemento de entrada Universidad de Zaragoza
9 (RLIN) 7352
852 ## - LOCALIZACIÓN
Ubicación ES-MaACL
Número de control de estantería T-394-F-4
Nota libre -- Enc. hol.
condición física -- Falto de la cub. original
Nota libre -- Enc. en un vol. facticio
Holdings
Estatus retirado Estado de pérdida Estado de daño No para préstamo Colección Biblioteca de origen Biblioteca actual Ubicación en estantería Fecha de adquisición Total de préstamos Signatura topográfica completa Código de barras Visto por última vez Precio de reemplazo Tipo de ítem Koha
        Colección de folletos Biblioteca del Ateneo de Madrid Biblioteca del Ateneo de Madrid Depósito folletos 17/01/2008   T-394-F-4 1167915 23/02/2023 23/02/2023 Folleto